Ilava

Zobrazenie: Pohľad na mesto z diaľky, v popredí vidno vrcholky listnatých aj ihličnatých stromov. Za nimi sú polia a budovy z mesta. Vľavo v pozadí vidno Ilavský hrad, vpravo je medzi budovami aj Mestská veža. Za mestom vidno hory a polia

Bibliographic Details
Format: Postcard
Language:Slovak
PhysicalDescription:1 pohľadnica čiernobiela 11 x 15 cm
Published: [Bratislava] VPL 1968
Subjects:

MARC

LEADER 00000nkm a2200000 a 4500
001 vtls012000156
003 SK-MaSNL
005 20260512123808.0
007 kp bo
008 231121s1968 xo g kuslo
015 |a SNBG1968 
035 |a urn:nbn:sk:snk-km00fdlk 
035 |a urn:nbn:sk:snk-km45tbv 
035 |a 475F3533-A106-4FF1-A580-A2386EEB0567 
040 |a SNK  |b slo  |c SNK  |e AACR2 
041 0 |a slo 
043 |a e-xo--- 
044 |a xo  |c SK 
072 7 |a 913  |x Regionálna geografia  |2 konspekt 
080 |a 913(437.6)  |2 2011 
080 |a 728.81  |2 2011 
080 |a (084.121)  |2 2011 
080 |a 725/726.012.28  |2 2011 
080 |a 721  |2 2011 
245 0 0 |a Ilava  |h grafika 
260 |a [Bratislava]  |b VPL  |c 1968 
300 |a 1 pohľadnica  |b čiernobiela  |c 11 x 15 cm 
520 8 |a Zobrazenie: Pohľad na mesto z diaľky, v popredí vidno vrcholky listnatých aj ihličnatých stromov. Za nimi sú polia a budovy z mesta. Vľavo v pozadí vidno Ilavský hrad, vpravo je medzi budovami aj Mestská veža. Za mestom vidno hory a polia 
610 1 7 |a Ilava (Slovensko : hrad)  |2 SNKKA  |9 164970 
650 0 7 |a hrady  |2 SNKPH  |9 3039 
650 0 7 |a mestské veže  |2 SNKPH  |9 173826 
650 0 7 |a budovy  |2 SNKPH  |9 1283 
651 7 |a Ilava (Slovensko)  |2 SNKPHgeo  |9 69590 
655 7 |a miestne pohľadnice  |2 SNKPH  |9 70510 
852 |a Slovenská národná knižnica 
958 |a GC 
958 |a GBN 
958 |a OND 
958 |a EUIPO 
999 |c 782362  |d 784292 
952 |a SNK  |b SNK  |y PREZ  |7 0  |p 17A1203827  |o snkSP 44343  |0 0  |1 0  |4 0  |d 2020-10-27  |f 1  |l 0  |r 2026-02-24 01:08:58  |w 2026-02-24